| 000 | 00627nam a2200181 4500 | ||
|---|---|---|---|
| 001 | 145435 | ||
| 003 | ES-MaACL | ||
| 005 | 20230906201231.0 | ||
| 007 | t| | ||
| 008 | 070214s1957 sp r ||||1| spa d | ||
| 100 | 1 |
_aSpencer, Steven M. _9107686 |
|
| 245 | 1 | 0 |
_aMaravillas de la medicina moderna / _cSteven M. Spencer ; versión española revisada por Miguel Gras Artero ; con unos capítulos adicionales de Antonio Subirana. |
| 260 |
_aBarcelona : _bBetis, _c1957. |
||
| 300 |
_a351 p. ; _c20 cm. |
||
| 700 | 1 |
_aGras Artero, Miguel. _959681 |
|
| 700 | 1 |
_aSubirana, Antonio. _9108692 |
|
| 852 |
_aES-MaACL _jC-12507 _bR.40660 |
||
| 999 |
_c145435 _d145435 |
||